000 00516nam a2200145Ia 4500
008 100204s9999 xx 000 0 und d
082 _b27073
100 _aपंडित नलिनी
245 _aजागतिकीकरण आणि भारत
260 _b"ललित प्रकाशन , मुलुंड"
_c2004
300 _a148
630 _aजागतिकीकरण आणि भारत
730 _aजागतिकीकरण आणि भारत
942 _cBOOK
999 _c472251
_d472248